[Event "Capablanca Memorial-A"]
[Site "Cienfuegos"]
[Date "1991.??.??"]
[Round "2"]
[White "Murshed, Niaz"]
[Black "Nogueiras Santiago, Jesus"]
[Result "1-0"]
[WhiteElo "2510"]
[BlackElo "2535"]
[Annotator "Stohl,I"]
[PlyCount "63"]
[EventDate "1991.??.??"]
[EventType "tourn"]
[EventRounds "13"]
[EventCountry "CUB"]
[EventCategory "10"]
[SourceTitle "CBM 026"]
[Source "ChessBase"]
[SourceDate "1992.02.01"]
[SourceVersion "1"]
[SourceVersionDate "1992.02.01"]
[SourceQuality "1"]

1. d4 d6 2. e4 Nf6 3. Nc3 g6 4. h3 Bg7 5. Be3 O-O 6. Nf3 c6 (6... a6 $5 7. a4
b6 $132) 7. a4 d5 (7... Nbd7 8. a5 $5 $14) 8. e5 Ne4 9. Bd3 (9. Nxe4 $5 dxe4
10. Ng5 c5 11. dxc5 (11. Nxe4 $6 cxd4 12. Qxd4 Bf5 13. Bd3 Qxd4 14. Bxd4 Nc6
15. Bc3 Nxe5 16. Bxe5 Bxe5 $15 {[+]|_,Juarez,C-Petursson,M,Manila izt 1990-CBM
19}) 11... Qc7 12. Qd5 Nc6 (12... h6 13. Nxe4 Be6 14. Qd2 Qxe5 15. Nc3 Nc6 16.
Bd3 Rad8 17. O-O Nd4 (17... h5 $5 $146) 18. Bxh6 Qxc5 19. Ne4 Qb6 20. Bxg7 Kxg7
$14 {Winsnes,R-Olsson,K,Helsingborg ch-SE 1991-TD 91_06}) 13. Qxe4 Nxe5 14.
O-O-O h6 15. Nf3 Nxf3 16. gxf3 Bf5 17. Qb4 Qc6 18. Bc4 e6 19. Be2 $14 {
Kuczynski,R-Sznapik,A,POL-ch 1990}) 9... Nxc3 10. bxc3 c5 11. Qd2 (11. h4 $5
Qa5 12. Qd2 Nc6 13. h5 cxd4 14. cxd4 Qxd2+ 15. Bxd2 Bg4 16. Nh2 Bxh5 17. g4 (
17. c3 $1 g5 $8 18. Bxg5 $14) 17... Nxd4 18. gxh5 Bxe5 $13 {Andonov,
B-Zilberman,N,Frunze 1989-CBM 15}) 11... Nc6 (11... Qa5 {-11.h4}) 12. h4 $1 {
~/=B} (12. O-O c4 13. Be2 f6 14. Bf4 Bf5 15. exf6 exf6 16. Nh2 Qd7 17. g4 Be6
18. Rfe1 Rae8 19. Bf3 Bf7 20. Rxe8 Rxe8 $10 {Estevez Moralez,G-Nogueiras,J,
Santa Clara 1991-CBM 26}) 12... c4 (12... h5 13. Ng5 c4 14. Be2 f6 15. exf6
exf6 16. Nh3 $14 {<->d5,g6}) (12... Qa5 $5 $132) 13. Be2 f6 $6 (13... h5 $142 {
-12...h5}) 14. h5 $1 fxe5 (14... g5 15. h6 Bh8 16. Bxg5 fxg5 17. Qxg5+ Kf7 18.
Nh4 $40) (14... gxh5 15. exf6 $16) 15. hxg6 hxg6 16. Bh6 e4 (16... exd4 17.
Bxg7 Kxg7 18. Qh6+ Kf7 19. Ng5+ Ke8 20. Qxg6+ Kd7 21. Ne6 Rg8 22. Qf5 Kd6 23.
Rh6 Bxe6 24. Rxe6+ Kc7 25. Qf4+ Kb6 (25... Kc8 26. Bg4 $18) 26. Qxd4+ Ka6 27.
Rb1 $1 $18) 17. Bxg7 Kxg7 18. Qh6+ Kf7 19. Ne5+ (19. Ng5+ Ke8 $8 (19... Kf6 20.
Nh7+ $18) 20. Qxg6+ Kd7 21. Ne6 Rg8 $1 $8 22. Qf5 Kd6 23. Rh6 Bxe6 24. Rxe6+
Kc7 25. Qf4+ Kb6 $132) (19. Nh4 $1 Ke8 (19... Qd6 20. Nxg6 $1 Qxg6 21. Bh5 $18)
(19... Ke6 20. Nxg6 Rf6 21. Nf4+ $16) 20. Nxg6 Rf6 (20... Rg8 21. Qh7 Be6 22.
Nf4 $18) 21. Qg5 $40) 19... Nxe5 $8 20. dxe5 {P h7+-} Bf5 $8 21. Qh7+ (21. g4
$142 $5 {P} Qa5 22. gxf5 $1 Qxc3+ 23. Kf1 Qxa1+ 24. Kg2 $18) 21... Ke8 22. g4
Qa5 $5 (22... Be6 23. Qxg6+ Bf7 24. Qf5 $1 Qd7 (24... e6 25. Qf6 $16) 25. Rh7
$36) 23. Rb1 $6 (23. Rh3 $142 $36) 23... Qxc3+ 24. Kf1 Bd7 $2 (24... Qxc2 $1
25. Rxb7 (25. Rd1 Be6 $8 26. Qxg6+ Bf7 (26... Kd7 27. Rh6 $18) 27. Qf5 e6 28.
Qf6 $146 {Pg5-g6}) 25... Qc1+ 26. Kg2 Qg5 $13) 25. Qxg6+ Kd8 26. Qg7 $18 (26.
Rxb7 $2 Qxe5 $15) 26... Re8 $8 (26... Kc7 27. Qxe7 Rae8 28. Qd6+ $18) 27. Rxb7
{P d7+-} Bc6 (27... Qa1+ 28. Kg2 Qxa4 29. Rh8 Rxh8 30. Qxh8+ Be8 31. e6 $18)
28. Rh8 $1 Qa3 (28... Bxb7 29. Rxe8+ Kxe8 30. Qh8+ $1 $18 {Pe6, c3}) 29. e6 Qd6
(29... Bxb7 30. Rxe8+ Kxe8 31. Qg8#) 30. Rxe8+ Bxe8 31. Qg8 {P d7} Kc8 32. Rd7
$1 {[Stohl,I]} 1-0

[Event "Brno"]
[Site "Brno"]
[Date "1993.??.??"]
[Round "1"]
[White "Hracek, Zbynek"]
[Black "Chernin, Alexander"]
[Result "1/2-1/2"]
[WhiteElo "2510"]
[BlackElo "2615"]
[Annotator "Stohl,I"]
[PlyCount "72"]
[EventDate "1993.08.??"]
[EventType "tourn"]
[EventRounds "9"]
[EventCountry "CZE"]
[EventCategory "13"]
[SourceTitle "CBM 037"]
[Source "ChessBase"]
[SourceDate "1993.12.01"]
[SourceVersion "1"]
[SourceVersionDate "1993.12.01"]
[SourceQuality "1"]

1. e4 d6 2. d4 Nf6 3. Nc3 g6 4. Nf3 Bg7 5. Be2 O-O 6. O-O Bg4 7. h3 Bxf3 8.
Bxf3 Nc6 9. Ne2 (9. Nb5 e5 10. c3 Kh8 $5 11. Re1 a6 12. Na3 Ng8 13. Nc2 Qe8 14.
a4 Rb8 15. a5 f5 16. exf5 gxf5 17. Bf4 Nge7 18. Bh5 Ng6 19. Bg5 Qf7 $13 {
Tseitlin,MD-Chernin,A/Beersheba/1993/}) 9... e5 (9... Nd7 10. c3 e6 $6 {N} (
10... e5 {-9...e5}) 11. g3 Nb6 12. Bg2 Qd7 13. f4 f5 14. g4 Rab8 15. Ng3 Ne7
16. a4 d5 17. e5 Qe8 18. b3 $14 {(),Syrtlanov,V-Lechtynsky,J/Budejovice op/
1993/}) 10. c3 Kh8 $5 (10... Qe8 11. d5 (11. Re1 Rd8 12. d5 Ne7 13. c4 Nd7 14.
Nc3 Nb6 15. Qd3 f5 16. Rb1 c6 $5 17. Be3 Qf7 18. b4 cxd5 19. cxd5 Kh8 $132 {
Arkell,S-Mishra,N/Eastbourne ch-GB/1991/}) 11... Ne7 12. c4 Nd7 13. Nc3 f5 14.
Rb1 Nf6 15. b4 Kh8 16. Qd3 Qf7 17. Rb3 c6 18. dxc6 Nxc6 $13 {Illescas,M-Stohl,
I/Chalkidiki/1992/}) (10... Nd7 $5 11. g3 (11. Be3 $142) 11... Qf6 (11... exd4
12. Nxd4 (12. cxd4 Qf6 13. Bg4 Nb6 $132) 12... Re8 13. Bg2 Nxd4 14. cxd4 c5 15.
Be3 Qb6 16. e5 Rad8 17. a3 Qxb2 18. Qa4 cxd4 19. Bxd4 Qe2 20. Qxa7 dxe5 21. Be3
$13 {Thorsteins,K-Seirawan,Y/Lugano op/1989/}) 12. Bg4 Qe7 13. d5 Ncb8 14. h4
Nc5 15. Qc2 Nxe4 16. Qxe4 f5 17. Qc4 fxg4 18. Qxg4 Nd7 19. Bg5 Qf7 20. c4 Qf5
$10 {1/2:1/2,Ghinda,M-Ftacnik,L/St.Zagora zt-A/1990/}) (10... h6 11. Be3 Re8
12. d5 Ne7 13. c4 Nd7 14. Qd2 $14 Kh7 15. g4 $6 Ng8 16. Kg2 Bf6 17. h4 Bxh4 18.
Rh1 g5 19. Ng3 Bxg3 20. fxg3 $44 {Van Laatum,G-Vanheste,J/Ostende op/1992/})
11. b4 $5 Qe8 (11... exd4 12. cxd4 Nxb4 13. Qb3 c5 14. a3 Nc6 15. Qxb7 Nxd4 16.
Nxd4 cxd4 17. Bf4 $36 {/\e5,Rad1}) 12. d5 Ne7 13. c4 (13. Rb1 $6 Nexd5 $1 14.
exd5 e4 15. Bg4 h5 $10) 13... a5 $13 14. bxa5 Rxa5 15. Qb3 Qa8 (15... b6 $142
$5 $13) 16. Bd2 Ra6 17. Nc3 Nd7 18. Nb5 Qb8 (18... Nc5 $5 19. Qc2 Qb8) 19. Bb4
$5 f5 (19... Nc5 20. Qe3 (20. Bxc5 dxc5 {/\Nc8-d6=}) 20... b6 $13) 20. Rfd1 b6
21. a4 $36 fxe4 (21... Nc5 $142 $5 22. Bxc5 bxc5 (22... dxc5 23. d6 cxd6 24.
Rxd6 $36) 23. Qd3 $14) 22. Bxe4 Nf5 23. Bxf5 $1 (23. a5 $6 Nd4 24. Nxd4 exd4
$15) 23... gxf5 24. a5 e4 25. Bc3 (25. axb6 $5 Rxa1 26. Rxa1 Bxa1 27. bxc7 $44)
25... Ne5 (25... Bxc3 26. Qxc3+ Ne5 27. axb6 Qxb6 28. Rxa6 Qxa6 29. Ra1 Qb6 30.
Nd4 $16 {׻}) 26. Qc2 (26. axb6 Rxb6 $132 {/\Nc4}) 26... Rg8 (26... bxa5 27.
Rdb1 $1 $16) 27. Nd4 Qf8 (27... Nxc4 $2 28. Nxf5 $16 {><e4,Kh8} (28. Nc6 $2 Qf8
$1 $17)) 28. Ne6 Qf7 29. axb6 Rxa1 (29... Rxb6 30. Ra7 $16) 30. Bxa1 cxb6 31.
Qb3 $16 (31. Nxg7 Qxg7 32. g3 h5 $132) 31... Bf6 32. Qxb6 Qh5 (32... Nxc4 $2
33. Qc7 $1 $18) 33. Qb3 e3 $1 $8 34. Nf4 (34. fxe3 $2 Qxh3 $40) 34... exf2+ 35.
Kf1 $138 (35. Kxf2 $5 Qh6 36. g3 $16) 35... Qh4 36. Qe3 Nxc4 $2 $138 (36... Rc8
$1 $14) (36... Nxc4 37. Qe7 Ne5 $8 38. Qxd6 $16) 1/2-1/2

[Event "Kropotkin"]
[Site "Kropotkin"]
[Date "1995.??.??"]
[Round "7"]
[White "Malaniuk, Vladimir P"]
[Black "Tseshkovsky, Vitaly"]
[Result "1/2-1/2"]
[WhiteElo "2615"]
[BlackElo "2530"]
[Annotator "Stohl,I"]
[PlyCount "85"]
[EventDate "1995.04.??"]
[EventType "tourn"]
[EventRounds "7"]
[EventCountry "RUS"]
[EventCategory "14"]
[SourceTitle "CBM 047"]
[Source "ChessBase"]
[SourceDate "1995.08.01"]
[SourceVersion "1"]
[SourceVersionDate "1995.08.01"]
[SourceQuality "1"]

1. d4 d6 2. e4 Nf6 3. Nc3 g6 4. Be2 Bg7 5. Nf3 O-O 6. O-O Nc6 7. Be3 Bg4 8. d5
Bxf3 (8... Nb8 $5 9. Qd2 c6 10. Rad1 Qa5 11. a3 Rc8 12. b4 Qc7 13. Bd4 Nbd7 14.
Rfe1 a5 15. e5 $5 Nxd5 16. Ng5 Bxe2 17. e6 f6 18. exd7 Qxd7 19. Nxd5 cxd5 20.
Rxe2 fxg5 21. Bxg7 Kxg7 22. Qxd5 axb4 23. Qxg5 Rc7 24. axb4 Rf8 $10 {Blatny,
P-Chernin,A/Pardubice/1993/}) 9. Bxf3 Ne5 10. Be2 c6 11. f4 (11. a4 a5 $5 12.
Ra3 Qc7 13. Re1 Rfc8 14. h3 Ned7 15. Bf1 Nc5 16. dxc6 bxc6 17. Bxc5 dxc5 18. e5
Rd8 $1 19. Qf3 Nd5 20. Nxd5 $10 {1/2:1/2,Bielczyk,J-Robak,Z/POL-chT Lubniewice/
1994/}) 11... Ned7 12. dxc6 bxc6 13. Qd3 (13. Rb1 Qc7 14. Qd3 Nb6 15. Kh1 d5
16. e5 Nfd7 17. Bg1 e6 18. Rbe1 f6 19. exf6 Rxf6 20. Bg4 Rxf4 21. Bxe6+ Kh8 22.
Rxf4 Qxf4 23. Ne2 Qh4 24. Rf1 Ne5 25. Qa6 Qc4 $10 {Blatny,P-NcNab,C/Debrecen
EU-chT/1992/}) 13... Qb8 14. a3 $1 Rd8 {/\Nc5} (14... Qxb2 $2 15. Rfb1) (14...
Nc5 15. Bxc5 dxc5 16. e5 $16) (14... e6 $5 15. Rad1 d5 16. e5 Ne8 {/\f6<=>})
15. Rad1 Ne8 (15... Qxb2 $2 16. Rb1 Qxa3 17. Ra1 Qb4 18. Rfb1 Nc5 19. Rxb4 Nxd3
20. Bxd3 Ng4 21. Bd2 $16) (15... Nc5 $6 16. Bxc5 dxc5 17. Qxd8+ Qxd8 18. Rxd8+
Rxd8 19. e5 Nd5 20. Ne4 $16 {><c5}) 16. b3 Nc7 17. Kh1 $14 Qb7 (17... Ne6 $5
18. Bf3 Nec5 19. Qd2 $14) 18. Bg1 a5 19. h4 (19. Qh3 $5 {/\} Ne6 20. Bc4 $36)
19... Ne6 20. Qh3 Nec5 $132 {/\Bc3,Ne4} 21. e5 $5 dxe5 22. f5 gxf5 $5 (22... e4
23. Bc4 $40) 23. Qxf5 Rf8 24. Rxd7 Nxd7 (24... Qxd7 $2 25. Bxc5 $16) 25. Bd3 e4
$1 (25... Nf6 $2 26. Ne4 Rfd8 (26... Nxe4 27. Bxe4 Rfd8 28. Qxf7+ Kh8 29. Qh5
$18) 27. Nxf6+ Bxf6 (27... exf6 28. Qxh7+ Kf8 29. h5 $18) 28. Qxh7+ Kf8 29. Bg6
$3 fxg6 30. Qh8+ Kf7 31. Rxf6+ $1 exf6 32. Qh7+ $18) 26. Qxe4 (26. Nxe4 e6 27.
Qh5 f5 $15 {/\Nf6}) (26. Bxe4 Nf6 27. Bd3 Qd7 28. Qf3 Qg4 $17) 26... f5 $8 (
26... Nf6 27. Rxf6 $18) 27. Rxf5 Rxf5 28. Qxf5 Nf8 29. Ne4 $44 e6 30. Qg5 Qf7
31. a4 (31. Bd4 Qg6 $1 32. Nf6+ Bxf6 $15) 31... h6 32. Qc5 Qd7 33. Bf2 (33. Bc4
$5 $44 {ק,Kg8}) 33... Qd5 $1 34. Qe7 Qd8 (34... Qd7 35. Nf6+ Bxf6 36. Qxf6 $40
{^^}) 35. Qb7 Qc8 36. Qb6 (36. Qe7 Qd8 37. Qxd8 Rxd8 38. Bb6 Ra8 $10) 36... Nd7
37. Qe3 Ne5 38. Be2 Qf8 $132 39. Bg3 Rd8 40. Bf4 Qf5 $1 (40... Ng6 41. Bc7 $14)
41. Bxh6 (41. Ng3 $6 Qf6 $36) 41... Bxh6 42. Qxh6 Qxe4 43. Qg5+ (43. Qg5+ Kh7 (
43... Kf7 $2 44. Bh5+ $18) 44. Qe7+ Kh6 45. Qxe6+ (45. Qg5+ $10) 45... Kg7 46.
Qe7+ Kh6 47. Qg5+ Kh7 48. Qxd8 Qxe2 $10 49. Qxa5 $6 Ng4 $40) 1/2-1/2

[Event "Sonnevanck 5th"]
[Site "Wijk aan Zee"]
[Date "1995.??.??"]
[Round "5"]
[White "Van Mil, Johan"]
[Black "Ftacnik, Lubomir"]
[Result "1-0"]
[WhiteElo "2475"]
[BlackElo "2605"]
[Annotator "Stohl,I"]
[PlyCount "95"]
[EventDate "1995.02.??"]
[EventType "tourn"]
[EventRounds "9"]
[EventCountry "NED"]
[EventCategory "9"]
[SourceTitle "CBM 046"]
[Source "ChessBase"]
[SourceDate "1995.06.01"]
[SourceVersion "1"]
[SourceVersionDate "1995.06.01"]
[SourceQuality "1"]

1. e4 d6 2. d4 Nf6 3. Nc3 g6 4. Nf3 Bg7 5. Be2 O-O 6. O-O Bg4 7. a4 $5 a5 $1 (
7... Nc6 8. a5 a6 9. Be3 e5 10. d5 Ne7 11. Nd2 Bxe2 12. Qxe2 Qd7 13. Na4 Nh5
14. c4 f5 15. f3 fxe4 16. Nxe4 Nf5 17. g3 $14 {Palac,M-Lechtynsky,J/Rimavska
Sobota/1990/}) 8. Be3 Nbd7 $146 (8... Nc6 9. h3 Bxf3 10. Bxf3 Nd7 11. Nb5 $14)
(8... Nfd7 $5 9. h3 Bxf3 10. Bxf3 e5 11. dxe5 Bxe5 12. Qd2 Na6 13. g3 Nac5 14.
Bg2 Nb6 15. Bh6 Nc4 16. Qc1 Re8 17. Nd1 Nb6 18. Ra2 Bh8 19. f3 d5 20. Nf2 dxe4
21. fxe4 Ncxa4 22. Ng4 Re6 23. Qf4 Qe8 24. e5 $44 {Psakhis,L-Ivanchuk,V/EUCupT
Moscow-ZSKA/1989/}) 9. Nd2 (9. h3 $5 Bxf3 10. Bxf3 $14) 9... Bxe2 10. Qxe2 c6 (
10... e5 11. d5 (11. dxe5 Nxe5 $5 $132) 11... Ne8 12. Nc4 $14) 11. f4 Qb6 12.
Ra3 (12. Nc4 $6 Qa6 {/\d5}) 12... Qa6 13. Qf3 e5 $6 (13... b5 14. axb5 cxb5 15.
Nb3 $1 (15. e5 b4 $1 $15) 15... a4 (15... b4 16. Rxa5 Qb7 17. Rb5 $16) 16. e5 {
/\Nd5|^}) (13... Ne8 $5 {/\Nc7,b5<=>}) 14. dxe5 dxe5 15. f5 {()} b5 16. Raa1 b4
(16... Nb6 $5 {/\b4,Nc4} 17. b3 Nfd7 $14) 17. Nd1 Ne8 (17... Rfd8 18. b3 Bf8
19. Bg5 $40) 18. b3 Nd6 {/\gf5,e4} 19. g4 $1 f6 20. Nb2 $16 Nf7 (20... Nb6 21.
Rfd1 {/\Qf2,Nbc4}) 21. Ndc4 {><a5,Bg7} Bh6 22. Bxh6 Nxh6 23. Rad1 Rad8 (23...
Qa7+ $142 24. Kh1 $16) (23... Rf7 24. Qh3 Kg7 25. fxg6 hxg6 26. g5 Qa7+ $8 27.
Kh1 $40) 24. fxg6 $1 (24. Rd6 $16) 24... Qa7+ (24... hxg6 25. g5 $1 Qa7+ (25...
fxg5 26. Rxd7 $1 Rxf3 27. Rxd8+ $18) 26. Qf2 $1 Qxf2+ 27. Rxf2 fxg5 28. Rfd2
$18) 25. Qf2 Qxf2+ 26. Rxf2 Nc5 $8 (26... Nxg4 27. Rfd2) 27. Rxd8 Rxd8 28. Rxf6
Nxg4 (28... Nxe4 29. gxh7+ Kxh7 30. Rxc6 Nxg4 31. Nd3 $18) 29. Rxc6 Nxe4 30.
Nd3 Nc3 31. Ncxe5 Nxe5 32. Nxe5 Rd1+ 33. Kf2 Rd2+ 34. Kf3 hxg6 $8 (34... Rxc2
35. Rc8+ Kg7 36. Rc7+ $18) 35. Rxg6+ Kf8 36. Rg2 $18 Rd5 37. Nc4 Nb1 38. h4 Na3
39. Ne3 (39. Nxa3 $6 bxa3 $132) 39... Rc5 40. Ke4 Rh5 41. Nf5 $40 Rh7 42. Ke5
Rc7 43. Nd4 Kf7 44. Rf2+ Kg6 45. Rf6+ Kh5 (45... Kh7 46. Rc6 $18) 46. Kf4 {
/\Nf5,Rh6#} Nxc2 47. Nf5 Rh7 48. Kg3 $1 {/\Kh3,Ng3#} 1-0

[Event "Ciocaltea Memorial"]
[Site "Bucharest"]
[Date "1995.??.??"]
[Round "2"]
[White "Ionescu, Constantin"]
[Black "Komliakov, Viktor"]
[Result "1-0"]
[WhiteElo "2535"]
[BlackElo "2535"]
[Annotator "Stohl,I"]
[PlyCount "83"]
[EventDate "1995.02.??"]
[EventType "tourn"]
[EventRounds "11"]
[EventCountry "ROU"]
[EventCategory "10"]
[SourceTitle "CBM 048"]
[Source "ChessBase"]
[SourceDate "1995.10.01"]
[SourceVersion "1"]
[SourceVersionDate "1995.10.01"]
[SourceQuality "1"]

1. d4 {Hecht} d6 2. e4 Nf6 3. Nc3 c6 4. Nf3 (4. f4 $142 $14) 4... g6 (4... Bg4
$5 {-B06}) 5. a4 Bg7 6. Be2 O-O 7. O-O Nbd7 8. Be3 (8. Bf4 Qc7 $5 (8... Qa5 9.
Nd2 Qc7 10. Nc4 (10. d5 a5 11. Nc4 Rd8 12. Qd2 Nb6 13. Ne3 Bd7 14. Rfd1 Rdc8
15. Ra3 cxd5 16. exd5 Qc5 17. Bg3 h5 18. h3 Bh6 19. f4 h4 20. Bxh4 Bxf4 21. Bf2
Qc7 22. Qd4 Be5 23. Qd3 Kg7 $15 {Wedberg,T-Piket,M/Lugano op/1989/}) 10... e5
11. dxe5 dxe5 12. Be3 Rd8 13. Qd6 Ne8 14. Qxc7 Nxc7 15. Nd6 Ne6 16. Rfd1 Nd4
17. Bc4 Rf8 18. Rd2 Nc5 19. f4 Bh6 20. Re1 Nce6 21. fxe5 Bxe3+ 22. Rxe3 b6 23.
Red3 c5 24. Nd5 Nc6 25. Nf6+ Kg7 26. Bd5 Bd7 27. Nxd7 {1-0,Lengyel,B-Titov,G/
Budapest Spring op/1990/}) 9. e5 dxe5 10. Nxe5 Nxe5 11. Bxe5 Qb6 $132) (8. h3
e5 9. dxe5 dxe5 10. Be3 Qe7 11. Qd3 Nh5 (11... a5 12. Qc4 Re8 13. Rfd1 h6 14.
Nd2 Nh7 15. Qb3 Ng5 16. Nc4 Nc5 17. Qa3 Nce6 18. Qxe7 Rxe7 19. Nb6 Rb8 20. Bg4
Re8 21. Bxg5 hxg5 22. Nb1 Bf8 23. Nd2 Bc5 24. Ndc4 $18 {Xie Jun-Larsen,B/
Monaco Veterans-Women/1994/ Black is totally paralyzed!}) 12. Rfd1 Nf4 13. Qd6
Nxe2+ 14. Nxe2 Bf6 15. a5 Qxd6 16. Rxd6 Be7 17. Rdd1 f6 18. Nd2 Nc5 19. b4 Na6
20. c3 Be6 21. Rab1 Rfd8 22. Nc1 Rd7 23. Ncb3 Rad8 24. Rdc1 Rd3 $10 {Van der
Werf,M-Van Wely,L/Wijk op/1993/}) 8... e5 9. dxe5 dxe5 (9... Nxe5 $142 $5 10.
Nxe5 dxe5 11. a5 (11. Qc1 Be6 12. Rd1 Qc7 $10) (11. Qxd8 Rxd8 12. Rfd1 Rxd1+
13. Rxd1 Be6 14. a5 Bf8 15. Na4 Nd7 $10 {[%cal Rf8b4,Yg8e8] /\Bb4,Kf8-e8})
11... Qe7 12. f3 Rd8 13. Qe1 Nh5 14. Bc4 Nf4 15. Kh1 Be6 16. Bxe6 Nxe6 17. Qf2
Nd4 18. Nb1 Qe6 19. c3 Nb3 20. Ra4 c5 21. Qe2 Rac8 22. Na3 Qd7 23. Qc4 Nd2 24.
Bxd2 Qxd2 $132 {Tukmakov,V-Gurieli,N/Katerini op/1992/}) 10. Nd2 (10. Qd6 $5
Re8 11. Bc4 Bf8 12. Qd2 Bb4 13. Ng5 Rf8 14. f4 Ng4 15. Kh1 Nxe3 16. Qxe3 Be7
17. Nxf7 Rxf7 18. fxe5 Nxe5 19. Qf4 Bd6 20. Bxf7+ Kg7 21. Bb3 Qe7 22. Rad1 Bg4
23. Rd2 Re8 24. h3 $18 {Psakhis,L-Bologan,V/Nimes op/1991/}) 10... Qe7 11. Nc4
Ne8 (11... Rd8 12. Qd6 $14) (11... Nc5 $6 12. Qd6 $1 Qxd6 13. Nxd6 $32 $16 {
[%cal Gd1d8] _|_<->d}) 12. a5 $1 $146 {[%csl Ra7][%cal Ge3a7] /^g1-a7,><a7} (
12. Qd2 f5 13. exf5 gxf5 14. f4 e4 15. Rad1 Ndf6 16. Bd4 Be6 17. Be5 Ng4 18.
Bxg7 Nxg7 19. Ne3 Rad8 20. Qc1 Nf6 21. Rxd8 Rxd8 22. Rd1 Rxd1+ 23. Nexd1 Qb4
24. Ne3 h5 $10 {Brunner,L-Nogueiras,J/Biel izt/1993/}) 12... Nc5 {[%cal Yc5e6,
Ye6d4] /\Ne6-d4|^} (12... f5 $5 13. f3 $14) 13. Nd6 $1 Nxd6 $8 14. Bxc5 Rd8 15.
Qc1 Bf6 (15... Qc7 16. Qe3 Qb8 17. Rfd1 $16 {[%cal Rd1d2,Ra1d1] /\Rd2,Rad1,<->d
}) 16. b3 (16. Qe3 $6 Bg5 $10) 16... Be6 17. Rd1 {[%cal Rc1a3] /\Qa3+-} Qc7 18.
Qe3 Nc8 (18... Qb8 19. Na4 $36) 19. Rxd8+ Bxd8 20. Nd1 $1 $14 (20. Rd1 b6 21.
Ba3 Be7 $10) 20... Be7 21. Nb2 Bxc5 (21... f6 $142 22. Bc4 Bxc4 23. Nxc4 $14)
22. Qxc5 Qd6 (22... b6 23. Qc3 Rb8 24. Rd1 Ne7 25. Nc4 f6 26. Rd6 $1 $36) 23.
Nd3 f6 (23... Qxc5 24. Nxc5 Nd6 25. Rd1 Rd8 26. a6 $1 bxa6 (26... b6 27. Nb7
Nxb7 28. axb7 Rb8 $8 29. Ba6 {[%cal Rd1d6,Rd6c6,Rc6c8] /\Rd6-c6-c8+-}) 27. Bxa6
$16 {[%csl Ra7,Rc6,Re5] _|_><a7,c6,e5}) 24. Rd1 $16 Qf8 $2 (24... Kf7 $2 25.
Qxd6 Nxd6 26. Nxe5+ $18) (24... Qc7 25. g3 $16 {[%cal Rf2f4] /\f4->}) 25. Qxf8+
Kxf8 26. Nc5 Ke7 27. Nxb7 $18 Rb8 28. Ba6 $1 {[%csl Rc6,Rc8][%cal Rd1d3,Rd3c3]
(.),פc8,/\Rd3-c3><c6} (28. Nc5 Nd6 $18) 28... Nb6 $6 (28... Bd7 29. Rd3 Be6
30. g3 $22 {[%cal Yf2f4,Yg1e3] /\f4,Kf2-e3 etc.}) 29. axb6 axb6 30. f3 Ra8 31.
Bc4 Bxc4 32. bxc4 {[%cal Rc4c5] /\c5} Rb8 (32... Ra7 $2 33. Nd6 Rd7 34. Nc8+)
33. Nd6 Rd8 34. Nf5+ gxf5 35. Rxd8 Kxd8 {6-5 P, Bilden eines entfernten Frei-P
am K-Flügel, Zugzwang Schwäche am Q-Flügel belanglos} 36. exf5 Kc7 37. Kf2 Kd6
38. Ke3 Kc5 39. Kd3 (39. Ke4 Kxc4 40. g4 $18) 39... h6 (39... Kd6 40. g4 Kc5
41. h4 Kd6 42. g5 $18) 40. g4 Kb4 41. h4 Kc5 42. Ke4 $1 (42. Ke4 Kd6 (42...
Kxc4 43. g5 $18) 43. f4 (43. g5 {Hecht} hxg5 (43... fxg5 44. hxg5 h5 45. g6 Ke7
46. Kxe5 h4 47. Kf4 $18) 44. hxg5 fxg5 (44... Ke7 45. gxf6+ Kxf6 46. c5 b5 47.
c3 $18) 45. c5+ $1 bxc5 (45... Kxc5 46. Kxe5 $18) 46. c4 $18 {Zugzwang}) 43...
exf4 44. Kxf4 $18 {[%cal Rg4g5] /\g5}) 1-0

[Event "Nikolaev zt"]
[Site "Nikolaev"]
[Date "1993.??.??"]
[Round "?"]
[White "Kuzmin, Gennadi P"]
[Black "Rakhmangulov, Andrei"]
[Result "1/2-1/2"]
[WhiteElo "2525"]
[BlackElo "2325"]
[Annotator "Stohl,I"]
[PlyCount "62"]
[EventDate "1993.03.??"]
[EventType "swiss"]
[EventRounds "11"]
[EventCountry "RUS"]
[SourceTitle "CBM 035"]
[Source "ChessBase"]
[SourceDate "1993.08.01"]
[SourceVersion "1"]
[SourceVersionDate "1993.08.01"]
[SourceQuality "1"]

1. e4 d6 2. d4 Nf6 3. Nc3 g6 4. Nf3 Bg7 5. Be2 O-O 6. O-O Bg4 7. Bg5 $5 (7. a4
a5 $5 8. Be3 Nfd7 9. h3 Bxf3 10. Bxf3 e5 11. dxe5 Bxe5 12. Qd2 Na6 13. g3 Nac5
14. Bg2 Nb6 15. Bh6 Nc4 16. Qc1 Re8 17. Nd1 Nb6 18. Ra2 Bh8 19. f3 d5 $13 {
Psakhis,L-Ivanchuk,V/EU-CupT/1989/}) 7... h6 (7... Nc6 8. Qd2 (8. h3 Bxf3 9.
Bxf3 Nd7 10. Ne2 h6 11. Be3 e5 12. c3 Nb6 13. d5 Ne7 14. Qc1 Kh7 15. c4 f5 16.
g3 Nd7 17. Bg2 Nf6 18. Nc3 f4 $1 19. gxf4 exf4 20. Bxf4 g5 $44 {/\Nh5,Ng6,
Fleck,J-Gawehns,K/Porz/1988/}) 8... e5 9. d5 Ne7 10. Rad1 Kh8 11. Ne1 Bd7 $1
12. Bh6 Neg8 13. Bxg7+ Kxg7 14. Nd3 Qe7 15. f4 exf4 16. Rxf4 Be8 17. Rdf1 Nd7
18. Nb5 Ne5 19. Nd4 Bd7 $10 {Comas,L-Magem,J/Linares tt/1991/}) 8. Be3 Nc6 9.
d5 {N} (9. Qd2 Kh7 10. Rad1 $14) 9... Nb8 $5 (9... Bxf3 10. Bxf3 Ne5 11. Be2 c6
12. Qd2 Kh7 13. a4 $14 {^^()}) 10. a4 (10. h3 Bxf3 11. Bxf3 c6 12. Qd2 Kh7 13.
a4 a5 $5 $132 {/\Na6,Nd7}) 10... a5 11. Nd4 Bxe2 12. Qxe2 c6 13. Rfd1 (13. Rad1
$142 Qc8 14. Nb3 $5 $14) 13... Qc8 14. Kh1 {/\f4} Na6 15. f4 $6 Nb4 16. dxc6 (
16. Nb3 Qg4 $5 $36) 16... bxc6 17. e5 $6 Ng4 $17 18. exd6 $8 exd6 19. f5 $5 (
19. Bg1 Re8 $17) 19... Nxe3 20. Qxe3 d5 $1 (20... Bxd4 21. Rxd4 $1 Nxc2 (21...
Qxf5 22. Qxh6 {/\Rh4}) 22. Qxh6 Nxd4 23. fxg6 $10) 21. Qf2 (21. fxg6 fxg6 $17 {
><c2,/\c5,d4}) 21... Ra6 (21... Bxd4 $5 22. Rxd4 Qxf5 23. Qxf5 gxf5 24. Rc1
Rfe8 25. Rf4 Re5 $17) (21... c5 22. f6 $1 Bh8 23. Ndb5 $13) 22. f6 $8 Bh8 23.
Qh4 (23. Nb3 $142 $5 {/\Nc5} Qf5 $5 24. Qxf5 gxf5 25. Nd4 Bxf6 26. Nxf5 Kh7 27.
Rd2 $13) 23... c5 24. Nde2 Qc6 $1 (24... Bxf6 25. Qxh6 Nxc2 26. Rac1 $13) 25.
Qxh6 Bxf6 26. Nf4 (26. Qd2 d4 27. Nb5 Nd5 $17) 26... Rd8 (26... d4 $1 27. Nb5
Bg7 (27... Nxc2 $2 28. Nxg6 $1 fxg6 29. Qxg6+ Bg7 30. Qxc2 $16) 28. Qg5 Nxc2
29. Rac1 Bf6 $1 30. Qd5 Ne3 $17) 27. Nb5 d4 $2 (27... Bxb2 28. Rab1 Bg7 $15 29.
Qg5 Bf6 30. Qh6) (27... Nxc2 $5 {/\} 28. Nxg6 $2 Nxa1 $19) 28. c3 $132 Nd5 29.
cxd4 Nxf4 30. Qxf4 cxd4 31. Rac1 Qd7 $13 {[Stohl]} 1/2-1/2